000 00323nam a22001337a 4500
008 221003b ||||| |||| 00| 0 eng d
020 _a9780761521815
041 _aeng
080 _2REVISED 2and Edition
_a612.39
_x612.39
100 _a16.2
101 _aNUT
245 _aPOSITIVE DISCIPLINE
_cNELSEN J
942 _2udc
_cBK
999 _c58328
_d58328